Les sources constitutionnelles du droit administratif. Introduction au droit public.

Uloženo v:
Podrobná bibliografie
Hlavní autor: Stirn, Bernard (auteur)
Médium: Kniha
Vydáno: Paris, France: L.G.D.J, 2004.
Vydání:4e édition
Edice:Systèmes
Témata:
Tagy: Přidat tag
Žádné tagy, Buďte první, kdo vytvoří štítek k tomuto záznamu!

MARC

LEADER 00000nam a22000007a 4500
003 CL-VaPUC
005 20230614103131.0
008 230605t2004 ||||| |||| 00| 0 eng d
999 |c 441046  |d 441044 
020 |a 2-275-02508-1 
022 |a 0987-9927 
040 |c Pontificia Universidad Católica de Valparaíso 
082 0 4 |2 22  |a 342.4406 STI 2004 
100 1 |a Stirn, Bernard  |9 411041  |e auteur 
245 1 4 |a Les sources constitutionnelles du droit administratif.  |b Introduction au droit public. 
250 |a 4e édition 
260 |a Paris, France:  |b L.G.D.J,  |c 2004. 
300 |a 163 páginas. 
490 0 |a Systèmes 
500 |a c.1 Donación Profesor Jorge Precht Pizarro. Memo 015/2023 
583 |c 20230605  |k Catalogador Asistente 
650 1 |a Derecho administrativo francés  |9 882938 
650 1 |a Derecho constitucional francés  |9 882939 
650 1 |a Derecho público  |z Francia  |9 874882 
942 |2 ddc  |c BK 
952 |0 0  |1 0  |2 ddc  |4 0  |6 342_440600000000000_STI_2004  |7 0  |8 A  |9 590376  |a BIBDER  |b BIBDER  |d 2023-06-05  |e Donación  |i 5657704  |o 342.4406 STI 2004  |p 5657704  |r 2023-06-05  |t 1  |w 2023-06-05  |y BK  |k DER